000 00630nam a2200241Ia 4500
003 OSt
005 20220912151454.0
006 a|||||r|||| 00| 0
007 ta
008 220909b |||||||| |||| 00| 0 eng d
024 _a37773
037 _cTextual
040 _aCSL
_beng
_cCSL
041 _aeng
082 _aCXM88, M8
100 _aVenkataraman G
245 0 _aJourney into light: Life and science of C V Raman
260 _aBanglore
_bIndian Academy of Science
_c1988
300 _a570p.
_ccm.
650 _aPhysics
942 _hCXM88, M8
_cTEXL
_2CC
999 _c69293
_d69293